000 00450nmm a2200157Ia 4500
008 251105s9999||||xx |||||||||||||||||und||
020 _a9781674706207
041 _aspa
100 _aSierra i Fabra, Jordi
245 0 _aEscapada alrrededor del arco iris
264 _a[Madrid, España] :
_bEditorial SiF,
_c2019
300 _a386 páginas
650 _aSpanish narrative
856 _uhttps://public.digitaliapublishing.com/a/98930
942 _cCF
999 _c75325
_d75325